[Event "Montcalm VI 2013-14"]
[Site "Quebec CAN"]
[Date "2014.03.20"]
[Round "1"]
[White "Bonneau, Daniel"]
[Black "Biakolo, Lima"]
[Result "1-0"]
[WhiteElo "1995"]
[BlackElo "2014"]
[PlyCount "65"]
[EventDate "2014.03.20"]
[EventType "swiss"]
[EventRounds "5"]
[EventCountry "CAN"]

1. d4 Nf6 2. Nf3 g6 3. c4 Bg7 4. Nc3 d5 5. Qb3 dxc4 6. Qxc4 O-O 7. e4 c6 8. Be2
Na6 9. O-O Be6 10. Qa4 Nc7 11. Bf4 Bg4 12. Rfd1 Nd7 13. h3 Nb6 14. Qb3 Be6 15.
Qc2 Ne8 16. b3 Nd6 17. Rac1 Rc8 18. Qd2 Re8 19. e5 Nb5 20. Nxb5 cxb5 21. Bxb5
Rf8 22. Ng5 Bd5 23. Bd3 Qd7 24. Ne4 Rxc1 25. Rxc1 Bxe4 26. Bxe4 Rd8 27. Qb4 e6
28. Be3 Nd5 29. Bxd5 Qxd5 30. Rc7 b5 31. Qe7 Rf8 32. Rxa7 h5 33. Qb7 1-0

[Event "Montcalm VI 2013-14"]
[Site "Quebec CAN"]
[Date "2014.03.20"]
[Round "1"]
[White "Bourassa, Andre"]
[Black "Boulianne, Gabriel"]
[Result "1/2-1/2"]
[WhiteElo "1748"]
[BlackElo "1765"]
[PlyCount "59"]
[EventDate "2014.03.20"]
[EventType "swiss"]
[EventRounds "5"]
[EventCountry "CAN"]

1. d4 f5 2. c4 Nf6 3. Nc3 e6 4. Qc2 b6 5. f3 Bb7 6. e3 Be7 7. Bd3 Na6 8. a3 c5
9. Nge2 O-O 10. O-O Qe8 11. d5 Nc7 12. dxe6 dxe6 13. b3 Kh8 14. Bb2 Bd6 15.
Rad1 Rd8 16. e4 fxe4 17. Nxe4 Nxe4 18. Bxe4 Bxe4 19. Qxe4 Rf7 20. Rd3 Rfd7 21.
Rfd1 Qf7 22. g3 Ne8 23. Kg2 Nf6 24. Qe3 Bb8 25. f4 Rxd3 26. Rxd3 Qb7+ 27. Kg1
Re8 28. Qd2 Qe7 29. Qd1 e5 30. fxe5 1/2-1/2

[Event "Montcalm VI 2013-14"]
[Site "Quebec CAN"]
[Date "2014.03.20"]
[Round "1"]
[White "Cummins, Paul"]
[Black "Ripoll, Arthur"]
[Result "1/2-1/2"]
[WhiteElo "1812"]
[BlackElo "1700"]
[PlyCount "77"]
[EventDate "2014.03.20"]
[EventType "swiss"]
[EventRounds "5"]
[EventCountry "CAN"]

1. e4 e5 2. Nf3 Nc6 3. Bc4 Bc5 4. O-O Nf6 5. d4 Bxd4 6. c3 Bb6 7. Bg5 h6 8. Bh4
d6 9. Nbd2 Be6 10. Bxe6 fxe6 11. Qb3 Qe7 12. Rfe1 O-O 13. Nc4 Qf7 14. Nxb6 axb6
15. c4 Nd4 16. Nxd4 exd4 17. e5 dxe5 18. Rxe5 Nd7 19. Ree1 Ra5 20. Qd3 c5 21.
Qe4 Rfa8 22. a3 b5 23. Qxb7 bxc4 24. Rac1 e5 25. Bg3 Rb8 26. Qf3 Qxf3 27. gxf3
Rxb2 28. Rxc4 Rxa3 29. f4 exf4 30. Bxf4 Rba2 31. Re7 Ra7 32. Rc1 Ra1 33. Rxa1
Rxa1+ 34. Kg2 Ra7 35. Be5 g5 36. Bd6 c4 37. Bc5 Rc7 38. Bxd4 c3 39. Bxc3
1/2-1/2

[Event "Montcalm VI 2013-14"]
[Site "Quebec CAN"]
[Date "2014.03.20"]
[Round "1"]
[White "Gaulin, Gaetan"]
[Black "Lessard, Claude"]
[Result "1-0"]
[WhiteElo "2021"]
[BlackElo "2071"]
[PlyCount "32"]
[EventDate "2014.03.20"]
[EventType "swiss"]
[EventRounds "5"]
[EventCountry "CAN"]

1. Nf3 Nf6 2. c4 c5 3. g3 g6 4. Bg2 Bg7 5. O-O Nc6 6. d4 cxd4 7. Nxd4 Nxd4 8.
Qxd4 O-O 9. Nc3 d6 10. Qd3 Nd7 11. b3 Nc5 12. Qd2 Bd7 13. Bb2 Bc6 14. e4 Qd7
15. Nd5 Bxb2 16. Qxb2 e5 1-0

[Event "Montcalm VI 2013-14"]
[Site "Quebec CAN"]
[Date "2014.03.20"]
[Round "1"]
[White "Marquis, Paul"]
[Black "Auger, Bertrand"]
[Result "1/2-1/2"]
[WhiteElo "2021"]
[BlackElo "1914"]
[PlyCount "60"]
[EventDate "2014.03.20"]
[EventType "swiss"]
[EventRounds "5"]
[EventCountry "CAN"]

1. c4 c5 2. Nc3 Nc6 3. g3 g6 4. Bg2 Bg7 5. e3 d6 6. Nge2 Nf6 7. O-O Bd7 8. h3
Rb8 9. d4 cxd4 10. exd4 a6 11. Be3 b5 12. d5 Ne5 13. cxb5 axb5 14. b3 b4 15. f4
Neg4 16. hxg4 bxc3 17. g5 c2 18. Qxc2 Ng4 19. Bd4 Bxd4+ 20. Nxd4 Ne3 21. Qb2
Nxf1 22. Nc6 Qb6+ 23. Kxf1 Rf8 24. Nxb8 Bb5+ 25. Ke1 Qg1+ 26. Kd2 Qf2+ 27. Kc1
Qe1+ 28. Kc2 Qf2+ 29. Kc1 Qe1+ 30. Kc2 Qf2+ 1/2-1/2

[Event "Montcalm VI 2013-14"]
[Site "Quebec CAN"]
[Date "2014.03.27"]
[Round "2"]
[White "Auger, Bertrand"]
[Black "Bonneau, Daniel"]
[Result "0-1"]
[WhiteElo "1914"]
[BlackElo "1995"]
[PlyCount "68"]
[EventDate "2014.03.20"]
[EventType "swiss"]
[EventRounds "5"]
[EventCountry "CAN"]

1. Nf3 Nf6 2. g3 g6 3. b4 Bg7 4. Bb2 O-O 5. Bg2 d6 6. c4 a5 7. b5 e5 8. d3 Nbd7
9. O-O Nc5 10. Nbd2 a4 11. Rb1 h6 12. Qc1 Bf5 13. Ne1 Qd7 14. f4 e4 15. Bxf6
Bxf6 16. Nxe4 Nxe4 17. dxe4 Bh3 18. f5 Bxg2 19. Nxg2 g5 20. Qd1 Qe7 21. Qd5
Rfe8 22. Qxb7 Qxe4 23. Qxc7 Bd4+ 24. Kh1 Bc5 25. Rbd1 Rac8 26. Qa5 Qxc4 27. b6
Ra8 28. Qd2 Rxe2 29. b7 Rb8 30. Qd3 Qxd3 31. Rxd3 Rxb7 32. Ne1 Rbb2 33. Nf3 g4
34. Nd4 Rxh2+ 0-1

[Event "Montcalm VI 2013-14"]
[Site "Quebec CAN"]
[Date "2014.03.27"]
[Round "2"]
[White "Dube, Daniel"]
[Black "Boulianne, Gabriel"]
[Result "1-0"]
[WhiteElo "1833"]
[BlackElo "1765"]
[PlyCount "51"]
[EventDate "2014.03.20"]
[EventType "swiss"]
[EventRounds "5"]
[EventCountry "CAN"]

1. d4 Nf6 2. Nc3 d5 3. Bf4 e6 4. e3 Be7 5. Nf3 O-O 6. Ne5 c6 7. Bd3 Nfd7 8. h4
f5 9. g4 Nf6 10. gxf5 exf5 11. h5 Ne4 12. Bxe4 fxe4 13. Rg1 Bh4 14. Qe2 Be6 15.
h6 g5 16. Qh5 Kh8 17. O-O-O gxf4 18. Rg7 Qf6 19. Rdg1 Bxf2 20. R1g6 Bxe3+ 21.
Kb1 Qf5 22. Rxh7+ Kxh7 23. Rg7+ Kh8 24. Ng6+ Qxg6 25. Qxg6 Rg8 26. Qh7# 1-0

[Event "Montcalm VI 2013-14"]
[Site "Quebec CAN"]
[Date "2014.03.27"]
[Round "2"]
[White "Gaulin, Gaetan"]
[Black "Marquis, Paul"]
[Result "1-0"]
[WhiteElo "2021"]
[BlackElo "2021"]
[PlyCount "77"]
[EventDate "2014.03.20"]
[EventType "swiss"]
[EventRounds "5"]
[EventCountry "CAN"]

1. Nf3 Nf6 2. c4 g6 3. g3 Bg7 4. Bg2 O-O 5. O-O d6 6. d4 Nc6 7. Nc3 a6 8. e4 e5
9. d5 Ne7 10. Ne1 Ne8 11. Nd3 f5 12. f4 exf4 13. Nxf4 c6 14. Be3 c5 15. Qd2 Nc7
16. a4 Rb8 17. a5 b5 18. axb6 Rxb6 19. Ra2 fxe4 20. Nxe4 Nf5 21. Bf2 Nd4 22.
Kh1 Rb4 23. Qc1 Bg4 24. Be1 Rb3 25. Bc3 g5 26. h3 gxf4 27. hxg4 Ne2 28. Qc2
Nxg3+ 29. Nxg3 Rxc3 30. bxc3 Qh4+ 31. Kg1 Qxg3 32. Rf3 Qxg4 33. Qd3 Be5 34. Rb2
Rf7 35. Rb8+ Kg7 36. Kf1 Qg6 37. Qe2 Qf6 38. Qd3 Bxc3 39. Qxc3 1-0

[Event "Montcalm VI 2013-14"]
[Site "Quebec CAN"]
[Date "2014.03.27"]
[Round "2"]
[White "Lessard, Claude"]
[Black "Biakolo, Lima"]
[Result "1/2-1/2"]
[WhiteElo "2071"]
[BlackElo "2014"]
[PlyCount "66"]
[EventDate "2014.03.20"]
[EventType "swiss"]
[EventRounds "5"]
[EventCountry "CAN"]

1. Nf3 Nf6 2. g3 Nc6 3. d4 d5 4. c4 e6 5. Bg2 Be7 6. O-O O-O 7. Nbd2 Re8 8. b3
Ne4 9. Bb2 f5 10. Rc1 Bf6 11. Ne5 Nxd2 12. Qxd2 Bg5 13. f4 Nxe5 14. dxe5 dxc4
15. Qe3 Bh6 16. Ba3 c6 17. Rxc4 g6 18. Bc5 Bf8 19. Bxa7 Qa5 20. Ra4 Qb5 21. Rc1
Be7 22. Kf1 Kf7 23. Qc3 Bd7 24. a3 Bd8 25. Rd1 Bc8 26. Bf3 Bc7 27. Kg2 Rd8 28.
Rxd8 Bxd8 29. e4 fxe4 30. Bxe4 Qe2+ 31. Kh3 Qh5+ 32. Kg2 Qe2+ 33. Kh3 Qh5+
1/2-1/2

[Event "Montcalm VI 2013-14"]
[Site "Quebec CAN"]
[Date "2014.03.27"]
[Round "2"]
[White "Ripoll, Arthur"]
[Black "Bourassa, Andre"]
[Result "0-1"]
[WhiteElo "1700"]
[BlackElo "1748"]
[PlyCount "62"]
[EventDate "2014.03.20"]
[EventType "swiss"]
[EventRounds "5"]
[EventCountry "CAN"]

1. e4 c5 2. d4 cxd4 3. c3 d6 4. cxd4 e6 5. Bb5+ Bd7 6. Qa4 a6 7. Nc3 Be7 8. Nf3
Nc6 9. Bd3 Ne5 10. Qd1 Nxd3+ 11. Qxd3 b5 12. a3 Qc7 13. Bf4 Qb7 14. O-O Nf6 15.
Rad1 d5 16. e5 Ne4 17. Rc1 Nxc3 18. Rxc3 b4 19. Rc2 Bb5 20. Qb3 Bxf1 21. Kxf1
O-O 22. Ne1 Rfc8 23. Re2 Rc4 24. Be3 Rac8 25. Nd3 a5 26. Nc5 Qb5 27. a4 Qc6 28.
Qd3 Bxc5 29. dxc5 Qxa4 30. f4 Qb5 31. Kf2 Rxf4+ 0-1

[Event "Montcalm VI 2013-14"]
[Site "Quebec CAN"]
[Date "2014.04.04"]
[Round "3"]
[White "Biakolo, Lima"]
[Black "Auger, Bertrand"]
[Result "0-1"]
[WhiteElo "2014"]
[BlackElo "1914"]
[PlyCount "68"]
[EventDate "2014.03.20"]
[EventType "swiss"]
[EventRounds "5"]
[EventCountry "CAN"]

1. e4 e6 2. d4 d5 3. Nd2 dxe4 4. Nxe4 Bd7 5. Nf3 Bc6 6. Bd3 Nd7 7. O-O Ngf6 8.
Ng3 Be7 9. b3 O-O 10. Bb2 Nd5 11. c4 Nf4 12. Bb1 Nf6 13. Bc1 Ng6 14. Qd3 Bxf3
15. gxf3 c5 16. dxc5 Qc7 17. a3 Rfd8 18. Qe2 Bxc5 19. Ne4 Bd4 20. Ra2 Nh5 21.
Be3 Nhf4 22. Qc2 Qe5 23. Qc1 Nh3+ 24. Kh1 Ngf4 25. Rd2 f5 26. Ng3 Bc3 27. Rxd8+
Rxd8 28. Rd1 Ba5 29. Rxd8+ Bxd8 30. Qd2 Bc7 31. Qd4 Qa5 32. b4 Qxa3 33. Qd7
Nxf2+ 34. Bxf2 Qxf3+ 0-1

[Event "Montcalm VI 2013-14"]
[Site "Quebec CAN"]
[Date "2014.04.04"]
[Round "3"]
[White "Bonneau, Daniel"]
[Black "Gaulin, Gaetan"]
[Result "1/2-1/2"]
[WhiteElo "1995"]
[BlackElo "2021"]
[PlyCount "59"]
[EventDate "2014.03.20"]
[EventType "swiss"]
[EventRounds "5"]
[EventCountry "CAN"]

1. d4 Nf6 2. Nf3 e6 3. c4 b6 4. a3 Bb7 5. Nc3 d5 6. cxd5 Nxd5 7. Bd2 Be7 8. Qc2
O-O 9. e4 Nxc3 10. Bxc3 Nd7 11. O-O-O Qc8 12. h4 Rd8 13. Rh3 c5 14. d5 exd5 15.
exd5 Nf8 16. Rg3 g6 17. h5 Bd6 18. Ne5 Bxe5 19. Bxe5 Rxd5 20. hxg6 hxg6 21. Bc4
Rxd1+ 22. Kxd1 Qc6 23. Kc1 Qe4 24. Qxe4 Bxe4 25. Rh3 Nh7 26. Bxf7+ Kxf7 27.
Rxh7+ Ke6 28. Bc3 Bxg2 29. Kd2 Rd8+ 30. Ke3 1/2-1/2

[Event "Montcalm VI 2013-14"]
[Site "Quebec CAN"]
[Date "2014.04.04"]
[Round "3"]
[White "Boulianne, Gabriel"]
[Black "Ripoll, Arthur"]
[Result "1-0"]
[WhiteElo "1765"]
[BlackElo "1700"]
[PlyCount "55"]
[EventDate "2014.03.20"]
[EventType "swiss"]
[EventRounds "5"]
[EventCountry "CAN"]

1. e4 e5 2. Nf3 Nc6 3. Bb5 f5 4. exf5 e4 5. Bxc6 dxc6 6. Ne5 Nf6 7. O-O Bxf5 8.
Nc3 Bd6 9. d4 exd3 10. Nxd3 Bxh2+ 11. Kxh2 Ng4+ 12. Kg3 h5 13. Re1+ Kf8 14. Bf4
h4+ 15. Kf3 Qd4 16. Qd2 g5 17. Be3 Nh2+ 18. Ke2 Qg4+ 19. f3 Qxg2+ 20. Kd1 Qxf3+
21. Kc1 Nf1 22. Bc5+ Kg7 23. Qxg5+ Bg6 24. Re7+ Qf7 25. Rxf7+ Kxf7 26. Ne5+ Ke6
27. Qxg6+ Kxe5 28. Qe4+ 1-0

[Event "Montcalm VI 2013-14"]
[Site "Quebec CAN"]
[Date "2014.04.04"]
[Round "3"]
[White "Cummins, Paul"]
[Black "Dube, Daniel"]
[Result "0-1"]
[WhiteElo "1833"]
[BlackElo "1812"]
[PlyCount "70"]
[EventDate "2014.03.20"]
[EventType "swiss"]
[EventRounds "5"]
[EventCountry "CAN"]

1. e4 d5 2. exd5 Qxd5 3. Nc3 Qd6 4. Bc4 Nf6 5. Qe2 a6 6. h3 g6 7. Nf3 Bg7 8. d4
O-O 9. Be3 b5 10. Bb3 Bb7 11. O-O-O Nc6 12. Rhe1 Na5 13. g3 Nxb3+ 14. axb3 Nd5
15. Nxd5 Bxd5 16. Bf4 Qc6 17. Rd3 b4 18. Ne5 Qb5 19. Ng4 a5 20. Qe3 a4 21. Bh6
axb3 22. Kd2 bxc2 23. Bxg7 Kxg7 24. Qh6+ Kg8 25. Rxe7 c1=Q+ 26. Kxc1 Ra1+ 27.
Kd2 Rd1+ 28. Kxd1 Qxd3+ 29. Kc1 Qc4+ 30. Kd2 Qxd4+ 31. Ke1 Qxb2 32. Re5 Qa1+
33. Kd2 Qc3+ 34. Ke2 Bf3+ 35. Kf1 Bxg4 0-1

[Event "Montcalm VI 2013-14"]
[Site "Quebec CAN"]
[Date "2014.04.04"]
[Round "3"]
[White "Marquis, Paul"]
[Black "Lessard, Claude"]
[Result "1-0"]
[WhiteElo "2021"]
[BlackElo "2071"]
[PlyCount "69"]
[EventDate "2014.03.20"]
[EventType "swiss"]
[EventRounds "5"]
[EventCountry "CAN"]

1. c4 e5 2. Nc3 Nc6 3. g3 g6 4. Bg2 Bg7 5. e3 d6 6. Nge2 h5 7. h4 Be6 8. d3 Nf6
9. b4 O-O 10. b5 Na5 11. Qa4 b6 12. Bd2 e4 13. Nf4 exd3 14. Nxe6 fxe6 15. O-O
d5 16. cxd5 exd5 17. Rad1 Nb7 18. Nxd5 Ng4 19. Qe4 Ne5 20. Nf4 Rb8 21. Ne6 Nc5
22. Nxc5 bxc5 23. f4 Ng4 24. Qxg6 c4 25. Qxh5 Nf6 26. Qc5 Qe8 27. Qxc4+ Kh8 28.
Qxd3 Rxb5 29. Rb1 Rh5 30. Bf3 Rh6 31. e4 Qg6 32. Bg2 Ng4 33. f5 Ne5 34. fxg6
Nxd3 35. Rxf8+ 1-0

[Event "Montcalm VI 2013-14"]
[Site "Quebec CAN"]
[Date "2014.04.10"]
[Round "4"]
[White "Cummins, Paul"]
[Black "Bourassa, Andre"]
[Result "1-0"]
[WhiteElo "1833"]
[BlackElo "1748"]
[PlyCount "33"]
[EventDate "2014.03.20"]
[EventType "swiss"]
[EventRounds "5"]
[EventCountry "CAN"]

1. e4 c5 2. d4 cxd4 3. c3 dxc3 4. Nxc3 g6 5. Bc4 Bg7 6. Nf3 e6 7. Nb5 a6 8.
Nd6+ Ke7 9. O-O b5 10. Bb3 Qc7 11. Bf4 e5 12. Nxc8+ Qxc8 13. Nxe5 Nf6 14. Nxf7
d5 15. Nxh8 Bxh8 16. e5 Nh5 17. Bg5+ 1-0

[Event "Montcalm VI 2013-14"]
[Site "Quebec CAN"]
[Date "2014.04.10"]
[Round "4"]
[White "Dube, Daniel"]
[Black "Ripoll, Arthur"]
[Result "1/2-1/2"]
[WhiteElo "1833"]
[BlackElo "1700"]
[PlyCount "123"]
[EventDate "2014.03.20"]
[EventType "swiss"]
[EventRounds "5"]
[EventCountry "CAN"]

1. e4 e5 2. Nf3 Nc6 3. Nc3 Nf6 4. Bc4 Bc5 5. O-O O-O 6. d3 h6 7. Be3 Bb6 8. h3
d6 9. a3 Be6 10. Bxe6 fxe6 11. Re1 Qe7 12. Bxb6 axb6 13. d4 exd4 14. Nxd4 Nxd4
15. Qxd4 e5 16. Qc4+ Qf7 17. Qxf7+ Rxf7 18. Rad1 Rd8 19. f4 Rfd7 20. f5 d5 21.
exd5 Nxd5 22. Rxe5 Nxc3 23. Rxd7 Rxd7 24. bxc3 Kf7 25. Kf2 Rd1 26. Re4 Rc1 27.
Re2 Ra1 28. Rd2 Ke7 29. Ke3 Rxa3 30. Kd4 Ra4+ 31. Ke5 Rc4 32. Re2 Rc5+ 33. Kd4+
Kf6 34. g4 Rc6 35. h4 h5 36. Rg2 hxg4 37. Rxg4 Rd6+ 38. Ke3 Rd7 39. Kf4 Rd2 40.
h5 Rxc2 41. Rg6+ Kf7 42. Rg3 Rd2 43. Kg5 Rd6 44. Re3 c5 45. c4 Rd4 46. Re6 Rxc4
47. Rxb6 Rb4 48. Rd6 Re4 49. Rd5 c4 50. Rc5 b6 51. Rb5 Re7 52. Rxb6 Rc7 53. h6
gxh6+ 54. Rxh6 Rc5 55. Rh7+ Kg8 56. Ra7 c3 57. Kg6 Rc8 58. f6 c2 59. Rg7+ Kf8
60. Rh7 Ke8 61. Rh8+ Kd7 62. Rxc8 1/2-1/2

[Event "Montcalm VI 2013-14"]
[Site "Quebec CAN"]
[Date "2014.04.10"]
[Round "4"]
[White "Gaulin, Gaetan"]
[Black "Biakolo, Lima"]
[Result "0-1"]
[WhiteElo "2021"]
[BlackElo "2014"]
[PlyCount "86"]
[EventDate "2014.03.20"]
[EventType "swiss"]
[EventRounds "5"]
[EventCountry "CAN"]

1. Nf3 Nf6 2. g3 Nc6 3. d4 d5 4. Bg2 g6 5. O-O Bg7 6. c4 e6 7. Nc3 O-O 8. b3
Ne4 9. Bb2 Nxc3 10. Bxc3 dxc4 11. bxc4 Ne7 12. Bb4 Re8 13. e3 a5 14. Ba3 Nc6
15. Rb1 Rb8 16. Qe2 e5 17. d5 Ne7 18. Rfd1 Bd7 19. d6 Nc8 20. dxc7 Qxc7 21. Rd2
Be6 22. c5 h6 23. Qb5 Na7 24. Qb6 Qxb6 25. Rxb6 Nc6 26. Kf1 Bc4+ 27. Ke1 e4 28.
Nd4 Nxd4 29. exd4 e3 30. Rd1 exf2+ 31. Kxf2 Re2+ 32. Kg1 Rbe8 33. Bb2 Rc2 34.
Bf3 Re3 35. Bxb7 Ree2 36. Ba1 Rxa2 37. Rd6 Rxh2 38. Bc3 Rhc2 39. Be1 h5 40. Be4
Re2 41. Bf3 Re3 42. Bg2 Bh6 43. c6 Ree2 0-1

[Event "Montcalm VI 2013-14"]
[Site "Quebec CAN"]
[Date "2014.04.10"]
[Round "4"]
[White "Lessard, Claude"]
[Black "Auger, Bertrand"]
[Result "0-1"]
[WhiteElo "2071"]
[BlackElo "1914"]
[PlyCount "90"]
[EventDate "2014.03.20"]
[EventType "swiss"]
[EventRounds "5"]
[EventCountry "CAN"]

1. d4 e6 2. c4 f5 3. Nf3 Nf6 4. Bg5 Be7 5. Bxf6 Bxf6 6. Nc3 d5 7. cxd5 exd5 8.
e3 O-O 9. Qb3 c6 10. Bd3 Qe7 11. O-O Kh8 12. Qc2 g6 13. a4 a5 14. Nd2 Na6 15.
Bxa6 Rxa6 16. Rfe1 g5 17. Qd3 Ra8 18. f4 g4 19. Rac1 b6 20. Nf1 Bh4 21. g3 Bf6
22. Nd1 Qd7 23. Qc2 Bb7 24. Nf2 c5 25. dxc5 Rac8 26. Qd2 d4 27. e4 bxc5 28.
Qxa5 d3 29. Rcd1 Bd4 30. Ne3 fxe4 31. Kf1 h5 32. b4 Ra8 33. Qb6 Ra6 34. Qb5
Qxb5 35. axb5 Ra2 36. bxc5 Bxc5 37. h3 gxh3 38. Nxh3 Rh2 39. Nf2 h4 40. Nfg4
Ra2 41. Ne5 hxg3 42. Ng6+ Kg7 43. Nxf8 Kxf8 44. f5 Rf2+ 45. Kg1 Re2 0-1

[Event "Montcalm VI 2013-14"]
[Site "Quebec CAN"]
[Date "2014.04.10"]
[Round "4"]
[White "Marquis, Paul"]
[Black "Bonneau, Daniel"]
[Result "1-0"]
[WhiteElo "2021"]
[BlackElo "1995"]
[PlyCount "49"]
[EventDate "2014.03.20"]
[EventType "swiss"]
[EventRounds "5"]
[EventCountry "CAN"]

1. c4 c6 2. e4 d5 3. exd5 cxd5 4. d4 Nf6 5. Nc3 e6 6. Nf3 Be7 7. Bd3 O-O 8. O-O
b6 9. cxd5 exd5 10. Ne5 Bb7 11. Bf4 Nbd7 12. Qf3 a6 13. Qh3 g6 14. Bh6 Re8 15.
f4 Nxe5 16. fxe5 Ne4 17. Qf3 f5 18. exf6 Nxf6 19. Rae1 Qd7 20. Rxe7 Qxe7 21.
Qxf6 b5 22. Qf3 Rad8 23. h4 Rd7 24. h5 Qh4 25. Qf8+ 1-0

[Event "Montcalm VI 2013-14"]
[Site "Quebec CAN"]
[Date "2014.04.17"]
[Round "5"]
[White "Auger, Bertrand"]
[Black "Gaulin, Gaetan"]
[Result "1/2-1/2"]
[WhiteElo "1914"]
[BlackElo "2021"]
[PlyCount "115"]
[EventDate "2014.03.20"]
[EventType "swiss"]
[EventRounds "5"]
[EventCountry "CAN"]

1. d4 d5 2. g3 Nf6 3. Bg2 c6 4. Nf3 Bf5 5. O-O h6 6. c4 e6 7. Nc3 Be7 8. Qb3
Qb6 9. Qxb6 axb6 10. Ne5 Nbd7 11. b3 Ba3 12. Nxd7 Nxd7 13. e4 dxe4 14. Nxe4
Bxe4 15. Bxe4 Nf6 16. Bg2 O-O 17. Rd1 Rfd8 18. Be3 Rd7 19. d5 cxd5 20. Bxb6 Rc8
21. Rab1 dxc4 22. bxc4 Rxd1+ 23. Rxd1 Rxc4 24. Rd8+ Kh7 25. Bf1 Rc6 26. Bd3+ g6
27. Be3 Rd6 28. Rxd6 Bxd6 29. h4 h5 30. Kg2 Kg8 31. f3 Nd5 32. Bd4 Kf8 33. Kf2
f5 34. f4 Ke7 35. Kf3 Nb4 36. Bc4 Nc6 37. Bc3 e5 38. Bd2 e4+ 39. Ke2 Nd4+ 40.
Kd1 Ne6 41. a4 Bc5 42. a5 Bf2 43. Bd5 Nd8 44. Bb4+ Kd7 45. Ke2 Bd4 46. Bd2 Kd6
47. Bg8 Bc5 48. Bh7 Ke6 49. Bxg6 Nc6 50. Bxh5 Bd4 51. Be8 Ne7 52. Ba4 Kf6 53.
Bb3 Kg6 54. Ke1 Bc5 55. Bc3 Bd6 56. Bc4 Bc5 57. Bb3 Bd6 58. Bc4 1/2-1/2

[Event "Montcalm VI 2013-14"]
[Site "Quebec CAN"]
[Date "2014.04.17"]
[Round "5"]
[White "Biakolo, Lima"]
[Black "Marquis, Paul"]
[Result "1/2-1/2"]
[WhiteElo "2014"]
[BlackElo "2021"]
[PlyCount "96"]
[EventDate "2014.03.20"]
[EventType "swiss"]
[EventRounds "5"]
[EventCountry "CAN"]

1. e4 c5 2. Nf3 Nc6 3. d4 cxd4 4. Nxd4 Nf6 5. Nc3 e5 6. Nb3 Bb4 7. Bd3 d5 8.
exd5 Qxd5 9. O-O Bxc3 10. bxc3 e4 11. Bxe4 Qxd1 12. Bxc6+ bxc6 13. Rxd1 O-O 14.
Rd6 Bd7 15. Nc5 Bf5 16. Rxc6 Rfc8 17. Rxc8+ Rxc8 18. Be3 Nd5 19. Bd4 Nxc3 20.
Bxc3 Rxc5 21. Bd4 Rxc2 22. Bxa7 Kf8 23. a3 Rb2 24. Bc5+ Kg8 25. Rd1 Rb1 26.
Rxb1 Bxb1 27. a4 g6 28. a5 Bd3 29. f4 Kg7 30. Kf2 Kf6 31. Ke3 Ba6 32. g4 Ke6
33. Kd4 h5 34. g5 Kf5 35. Bd6 Kg4 36. Ke5 Kh3 37. f5 Kg4 38. fxg6 fxg6 39. Kf6
Bd3 40. a6 Bxa6 41. Kxg6 h4 42. Kf6 Bc4 43. g6 Kh5 44. Bf4 h3 45. Bd6 Bd5 46.
Bf8 Bg8 47. Kf5 Bc4 48. g7 Bg8 1/2-1/2

[Event "Montcalm VI 2013-14"]
[Site "Quebec CAN"]
[Date "2014.04.17"]
[Round "5"]
[White "Bonneau, Daniel"]
[Black "Lessard, Claude"]
[Result "0-1"]
[WhiteElo "1995"]
[BlackElo "2071"]
[PlyCount "65"]
[EventDate "2014.03.20"]
[EventType "swiss"]
[EventRounds "5"]
[EventCountry "CAN"]

1. Nf3 Nf6 2. g3 b5 3. Bg2 Bb7 4. d3 d6 5. O-O e5 6. e4 Nbd7 7. a4 b4 8. a5 Be7
9. Nbd2 O-O 10. Nc4 Re8 11. Bd2 Ba6 12. Bxb4 Rb8 13. Ba3 Bxc4 14. dxc4 Nxe4 15.
Qe2 Nec5 16. Qe3 Ne6 17. Rab1 c5 18. b4 cxb4 19. Bxb4 Qc7 20. Nd2 Nd4 21. c3
Ne6 22. h4 g6 23. Rfd1 Kg7 24. Bd5 Nec5 25. Bg2 f5 26. Bd5 Rf8 27. f4 Rbe8 28.
fxe5 Nxe5 29. Bxc5 dxc5 30. Rb7 Qd6 31. Re1 Nd7 32. Qf4 Rd8 33. Re6 0-1

[Event "Montcalm VI 2013-14"]
[Site "Quebec CAN"]
[Date "2014.04.17"]
[Round "5"]
[White "Boulianne, Gabriel"]
[Black "Cummins, Paul"]
[Result "1-0"]
[WhiteElo "1765"]
[BlackElo "1812"]
[PlyCount "85"]
[EventDate "2014.03.20"]
[EventType "swiss"]
[EventRounds "5"]
[EventCountry "CAN"]

1. d4 Nf6 2. c4 g6 3. Nc3 d5 4. cxd5 Nxd5 5. e4 Nxc3 6. bxc3 Bg7 7. Bc4 O-O 8.
Ne2 c5 9. Be3 cxd4 10. cxd4 Nc6 11. Qa4 Bd7 12. Qa3 a6 13. Rc1 b5 14. Bd5 b4
15. Qd3 Rc8 16. O-O e6 17. Bc4 Nb8 18. Rfd1 Qa5 19. Rc2 Ba4 20. Bb3 Rxc2 21.
Qxc2 Bb5 22. d5 exd5 23. Rxd5 Rd8 24. Nd4 Rxd5 25. Bxd5 Bd7 26. Qc4 b3 27. Nxb3
Qe1+ 28. Qf1 Qc3 29. Qd1 Qc8 30. h3 Nc6 31. Nd4 Nb4 32. Bxf7+ Kxf7 33. Qb3+ Be6
34. Nxe6 Qxe6 35. Qxb4 Be5 36. Qb3 Qxb3 37. axb3 Bc3 38. Kf1 Ke6 39. Ke2 Kd6
40. Kd3 Bb4 41. Kc4 a5 42. Bd4 Ke6 43. Bc3 1-0

[Event "Montcalm VI 2013-14"]
[Site "Quebec CAN"]
[Date "2014.04.17"]
[Round "5"]
[White "Bourassa, Andre"]
[Black "Dube, Daniel"]
[Result "0-1"]
[WhiteElo "1798"]
[BlackElo "1748"]
[PlyCount "86"]
[EventDate "2014.03.20"]
[EventType "swiss"]
[EventRounds "5"]
[EventCountry "CAN"]

1. d4 e6 2. c4 f5 3. Nc3 Nf6 4. Nf3 d6 5. e3 Be7 6. Be2 O-O 7. O-O b6 8. Qc2
Bb7 9. Nd2 Nc6 10. f4 d5 11. Nf3 Nb4 12. Qd1 c5 13. a3 Nc6 14. Ne5 cxd4 15.
Nxc6 Bxc6 16. Qxd4 Bc5 17. Qd1 d4 18. Na2 dxe3 19. Qb3 Qe8 20. Bxe3 Ba4 21. Qc3
Ne4 22. Qc1 Rd8 23. Nc3 Nd2 24. Bxc5 bxc5 25. Nxa4 Qxa4 26. Rd1 Qd7 27. Qc3
Qd4+ 28. Qxd4 Rxd4 29. g3 Rfd8 30. Rac1 a5 31. Kf2 Rb8 32. Rc2 Ne4+ 33. Ke1 Rb3
34. Bf1 Re3+ 35. Re2 Rb3 36. Rc2 Kf7 37. Be2 e5 38. fxe5 Ke6 39. Kf1 Kxe5 40.
Kg2 g5 41. Rf1 Rd2 42. Rxd2 Nxd2 43. Rd1 Rxb2 0-1

[Event "Montcalm VI 2013-14"]
[Site "Quebec CAN"]
[Date "2014.04.17"]
[Round "5"]
[White "Ripoll, Arthur"]
[Black "Bluteau, Yvon"]
[Result "0-1"]
[WhiteElo "1700"]
[BlackElo "1790"]
[PlyCount "104"]
[EventDate "2014.03.20"]
[EventType "swiss"]
[EventRounds "5"]
[EventCountry "CAN"]

1. e4 e6 2. d4 b6 3. Bd3 Bb7 4. Be3 c5 5. c3 Nf6 6. Nd2 cxd4 7. cxd4 Bb4 8. f3
Nc6 9. Ne2 Qe7 10. a3 Bxd2+ 11. Qxd2 Rc8 12. O-O Na5 13. Nc1 Nc4 14. Bxc4 Rxc4
15. Ne2 O-O 16. Bg5 h6 17. Qd3 Rfc8 18. Bh4 g5 19. Bg3 d5 20. e5 Nh5 21. f4 Rc2
22. Rab1 Nxg3 23. Nxg3 f5 24. Ne2 R2c7 25. fxg5 hxg5 26. Rf3 Bc6 27. Rbf1 Be8
28. h3 Bg6 29. Nc3 Qh7 30. Qd2 f4 31. R3f2 Qh4 32. Qe2 Bf5 33. Qf3 Rc4 34. Rd2
a6 35. Qf2 Qh7 36. Qf3 b5 37. Ne2 Rc2 38. Rxc2 Rxc2 39. Rf2 Rxb2 40. Qc3 Rc2
41. Qa5 Qd7 42. Qxa6 Bd3 43. Qa8+ Kg7 44. Nxf4 Rxf2 45. Nh5+ Kg6 46. Qg8+ Kxh5
47. Kxf2 Bg6 48. g4+ Kh6 49. Kg3 Qf7 50. Qh8+ Bh7 51. Qc8 Qf4+ 52. Kg2 Be4+ 0-1

[Event "Montcalm VII 2013-14"]
[Site "Quebec CAN"]
[Date "2014.04.24"]
[Round "1"]
[White "Hebert, Andre jr"]
[Black "Lapierre, Gaetan"]
[Result "0-1"]
[WhiteElo "1624"]
[BlackElo "1929"]
[PlyCount "58"]
[EventDate "2014.04.24"]
[EventType "swiss"]
[EventRounds "5"]
[EventCountry "CAN"]

1. f4 d5 2. Nf3 c5 3. e3 Nc6 4. b3 Nf6 5. Bb2 a6 6. Be2 e6 7. O-O Be7 8. Ne5
Bd7 9. c4 O-O 10. Nxd7 Qxd7 11. Nc3 d4 12. Na4 Qc7 13. Ba3 b6 14. g4 Rfd8 15.
exd4 Nxd4 16. g5 Nd7 17. Bf3 Rab8 18. Bg2 b5 19. cxb5 axb5 20. Nb2 b4 21. Qh5
bxa3 22. Nc4 g6 23. Qh6 Bf8 24. Qh4 Bg7 25. Rae1 Nf5 26. Qh3 Nb6 27. Ne5 Bxe5
28. Rxe5 Nd5 29. Be4 Nxf4 0-1